| 000 | 00430pam a2200157a 44500 | ||
|---|---|---|---|
| 008 | 230515b1999 xxu||||| |||| 00| 0 eng d | ||
| 020 | _aNULL | ||
| 041 | _aENGLISH | ||
| 082 | _a616.0756 | ||
| 100 | _aFOLDS J D, NORMANSELL D E | ||
| 245 | _aPOCKET GUIDE TO CLINICAL IMMUNOLOGY | ||
| 250 | _aI | ||
| 260 |
_a _bASM AMERICAN SOCIETY FOR MICROBIOLOGY _c1999 |
||
| 300 | _aXII,279 | ||
| 650 | _aPOCKET GUIDE TO CLINICAL IMMUNOLOGY | ||
| 999 |
_c568327 _d568327 |
||